000 00612nam a2200229Ia 4500
003 OSt
005 20220918221147.0
006 a|||||r|||| 00| 0
007 ta
008 220917b |||||||| |||| 00| 0 eng d
024 _a148,551
037 _cTextual
040 _aARTS
_cARTS
_beng
041 _2eng
_aeng
082 _aS9864:1, J0 (P)
100 _aVon Frisch Karl
_950200
245 0 _aBees
_b their vision, chemical senses, and language
260 _c1950
650 _aANIMAL BEHAVIOUR
_929214
942 _hS9864:1, J0 (P)
_cTEXL
_2CC
999 _c271228
_d271228